الأرق و النوم : (رقم التسجيلة. 67342)

تفاصيل مارك
000 -LEADER
fixed length control field 00496nam a22001697a 4500
005 - DATE AND TIME OF LATEST TRANSACTION
control field 20251108171956.0
008 - FIXED-LENGTH DATA ELEMENTS--GENERAL INFORMATION
fixed length control field 250721s1988 xx 000 0 ara d
082 14 - DEWEY DECIMAL CLASSIFICATION NUMBER
Classification number 616.8522/أرق
245 10 - TITLE STATEMENT
Title الأرق و النوم :
Remainder of title النوم و الأحلام /
264 1# - PRODUCTION, PUBLICATION, DISTRIBUTION, MANUFACTURE, AND COPYRIGHT NOTICE
Place of production, publication, distribution, manufacture بيروت :
Name of producer, publisher, distributor, manufacturer الشركة الشرقية للمطبوعات،
Date of production, publication, distribution, manufacture, or copyright notice 1988.
300 ## - PHYSICAL DESCRIPTION
Extent 96ص
490 0# - SERIES STATEMENT
Series statement سلسلة أسرتي
650 17 - SUBJECT ADDED ENTRY--TOPICAL TERM
Topical term or geographic name as entry element النوم
650 17 - SUBJECT ADDED ENTRY--TOPICAL TERM
Topical term or geographic name as entry element الأحلام
942 ## - ADDED ENTRY ELEMENTS (KOHA)
Source of classification or shelving scheme Dewey Decimal Classification
Koha item type كتب
المقتنيات
حالة السحب حالة الفقدان مصدر التصنيف حالة التلف غير قابل للإعارة المكتبة الرئيسية المكتبة الحالية موقع الرف تاريخ التزويد الرقم المتسلسل Total Checkouts رقم الإستدعاء تاريخ آخر ظهور تاريخ الفاتورة نوع المادة (كوها) الباركود
    Dewey Decimal Classification Unchecked   مكتبة أم قصير والمقابلين العامة مكتبة أم قصير والمقابلين العامة الإعارة 06/07/2004 4268   616.8522/أرق 28/07/2025 06/07/2004 كتب  
    Dewey Decimal Classification     مكتبة صويلح العامة مكتبة صويلح العامة الإعارة 15/07/2015 011961   616.8522/أرق 28/07/2025 15/07/2015 كتب PLD00337932
Implemented & Customized by: BBB with SCIT (Smart Chains for Information Technology)

Powered by Koha